یادیں ورق ورق / (Record no. 196613)

MARC details
000 -LEADER
fixed length control field 00611nam a22001937a 4500
005 - DATE AND TIME OF LATEST TRANSACTION
control field 20230718171235.0
010 ## - LCCN (DPL NO)
LC control number UR-12079
020 ## - INTERNATIONAL STANDARD BOOK NUMBER
International Standard Book Number 9789350733592
Terms of availability 220.00
035 ## - SYSTEM CONTROL NUMBER
System control number U-10634
037 ## - SOURCE OF ACQUISITION
Source of stock number/acquisition DBAD/PUB
082 ## - DEWEY DECIMAL CLASSIFICATION NUMBER
Classification number 840.92
100 ## - MAIN ENTRY--PERSONAL NAME
Personal name چشتی ، انیس
245 ## - TITLE STATEMENT
Title یادیں ورق ورق /
Statement of responsibility, etc انیس چشتی
246 ## - VARYING FORM OF TITLE
Title proper/short title Yaadein Waraq Waraq /
Remainder of title by Anees Chishti
260 ## - PUBLICATION, DISTRIBUTION, ETC. (IMPRINT)
Place of publication, distribution, etc New Delhi
Name of publisher, distributor, etc Educational Publishing House
Date of publication, distribution, etc 2014 ء
270 ## - ADDRESS
Address 3191, Vakil Street, Kucha Pandit, Lal Kuan
City Delhi
Postal code 110006
300 ## - PHYSICAL DESCRIPTION
Extent 224 ص
Dimensions 23cm(Hb)
942 ## - ADDED ENTRY ELEMENTS (KOHA)
Source of classification or shelving scheme Dewey Decimal Classification
Item type Urdu Bks
Classification part 840.92
Call number suffix چ ش ت
Holdings
Withdrawn status Lost status Not for loan Collection code Home library Current library Date acquired Source of acquisition Cost, normal purchase price Full call number Barcode Copy number Cost, replacement price Koha item type
      Non-fiction Ashok Vihar Ashok Vihar 18/07/2023 DBAD/PUB 220.00 840.92 چ ش ت U-10634 1 220.00 Urdu Bks

© Delhi Public Library
Hit Counter
free hit counter